[Event "41th GRE-ch Women 2018"]
[Site "Thessaloniki"]
[Date "2018.12.14"]
[Round "3"]
[White "Petraki, Evaggelia"]
[Black "Grapsa, Georgia"]
[Result "1-0"]
[WhiteElo "1756"]
[BlackElo "2097"]
[Annotator "NA RC"]
[PlyCount "63"]
[EventDate "2018.12.12"]
[EventType "tourn"]
[EventCountry "GRE"]
[SourceTitle "playchess.com"]
[Source "ChessBase"]
[SourceQuality "1"]
[TimeControl "40/5400+30:1800+30"]

1. e4 {[%emt 0:00:00]} c5 {[%emt 0:00:00]} 2. Nf3 {[%emt 0:00:00]} d6 {[%emt 0:00:00]} 3. d4 {[%emt 0:00:00]} cxd4 {[%emt 0:00:00]} 4. Nxd4 {[%emt 0:00:00]} Nf6 {[%emt 0:00:00]} 5. Nc3 {[%emt 0:00:00]} a6 {[%emt 0:00:01]} 6. Be2 {[%emt 0:00:00]} e5 {[%emt 0:00:04]} 7. Nb3 {[%emt 0:00:01]} Be7 {[%emt 0:00:05]} 8. Be3 {[%emt 0:00:04]} Be6 {[%emt 0:00:36]} 9. Qd3 {[%emt 0:00:21]} Nbd7 {[%emt 0:01:01]} 10. Nd5 {[%emt 0:00:36]} Bxd5 {[%emt 0:03:47]} 11. exd5 {[%emt 0:01:03]} Rc8 {[%emt 0:02:32]} 12. c4 {[%emt 0:00:42]} O-O {[%emt 0:02:49]} 13. O-O {[%emt 0:00:17]} a5 {B92: Sicilian Najdorf: 6 Be2} (13... Ne8 14. f3 g6 15. Kh1 Ng7 16. Bg1 Bg5 17. Rad1 h5 18. Nd2 f5 19. b4 h4 20. c5 dxc5 21. d6 cxb4 {1-0 (45) Karjakin,S (2782)-Grischuk,A (2766) Paris 2018}) 14. a4 {[%emt 0:02:19] [#]} Re8 $146 {[%emt 0:07:38]} ({Predecessor:} 14... b6 15. Bd2 Re8 16. Qh3 g6 17. Qe3 Bf8 18. Rfe1 Bg7 19. Rac1 Nb8 20. h4 h5 21. Qf3 {½-½ (21) Vosahlik,J (2596)-Lafarga Santorroman,D (2639) ICCF email 2007}) 15. Rfc1 {[%emt 0:09:58]} Nc5 {[%emt 0:06:03]} (15... g6 $11) 16. Nxc5 {[%emt 0:00:31]} dxc5 {[%emt 0:00:07]} 17. Rf1 {[%emt 0:04:23]} e4 {[%emt 0:07:35]} 18. Qd2 {[%emt 0:02:19]} Qb6 {[%emt 0:05:53]} 19. Bf4 {[%emt 0:06:18]} Rcd8 {[%emt 0:06:07]} 20. Be5 {[%emt 0:05:49]} Bf8 {[%emt 0:08:58]} 21. Bc3 {[%emt 0:04:24]} Ra8 {[%emt 0:00:06]} (21... e3 $1 $11 {keeps the balance.} 22. fxe3 Ne4) 22. Rfd1 {[%emt 0:02:01]} (22. Qe3 $16) 22... Nd7 {[%emt 0:02:06]} 23. Ra3 {[%emt 0:08:58]} Bd6 {[%emt 0:03:22]} 24. Qg5 {[%emt 0:06:09]} Ne5 {[%emt 0:02:50]} 25. Qf5 {[%emt 0:03:18]} (25. Re1 $14) 25... Ng6 {[%emt 0:03:33]} 26. Rb1 $11 {[%emt 0:07:01]} Qc7 {[%emt 0:09:49]} 27. g3 {[%emt 0:02:06]} Ra6 {[%emt 0:02:21]} 28. Re1 {[%emt 0:03:13]} Be5 {[%emt 0:06:13]} 29. Qxe4 Rf6 {[%emt 0:07:26]} 30. Bh5 {[%emt 0:07:55]} Qe7 {[%emt 0:06:19]} 31. Bxg6 {[%emt 0:01:35]} Rxg6 {[%emt 0:00:23]} 32. Qxe5 {[%emt 0:00:42]} 1-0

[Event "41th GRE-ch Women 2018"]
[Site "Thessaloniki"]
[Date "2018.12.15"]
[Round "4"]
[White "Pavlidou, Ekaterini"]
[Black "Androni, Konstantina"]
[Result "1/2-1/2"]
[WhiteElo "2185"]
[BlackElo "1912"]
[Annotator "NA"]
[PlyCount "216"]
[EventDate "2018.12.12"]
[EventType "tourn"]
[EventCountry "GRE"]
[SourceTitle "playchess.com"]
[Source "ChessBase"]
[SourceQuality "1"]
[TimeControl "40/5400+30:1800+30"]

1. Nf3 {[%emt 0:00:00]} c5 {[%emt 0:06:23]} 2. c4 {[%emt 0:01:38]} Nc6 {[%emt 0:00:41]} 3. Nc3 {[%emt 0:00:52]} Nf6 {[%emt 0:04:12]} 4. g3 {[%emt 0:00:53]} d6 {[%emt 0:01:31]} 5. Bg2 {[%emt 0:00:22]} e5 {[%emt 0:00:37]} 6. d3 {[%emt 0:00:13]} Be7 {[%emt 0:00:32]} 7. O-O {[%emt 0:00:45]} O-O {[%emt 0:03:18]} 8. a3 {[%emt 0:01:59]} Be6 {[%emt 0:02:33]} 9. Bg5 {[%emt 0:01:06]} Qd7 {[%emt 0:06:54]} 10. Rb1 {[%emt 0:04:00]} Ne8 {[%emt 0:08:53]} 11. b4 {[%emt 0:04:32]} f6 {[%emt 0:08:16]} 12. Be3 {[%emt 0:02:15]} Rb8 {[%emt 0:02:11]} 13. bxc5 {[%emt 0:03:44]} dxc5 {[%emt 0:00:14]} 14. Ne1 {[%emt 0:05:18]} f5 {[%emt 0:05:41]} 15. Qa4 {[%emt 0:02:55]} Nf6 {[%emt 0:01:50]} 16. Bg5 {[%emt 0:06:38]} Kh8 {[%emt 0:14:09]} 17. Nc2 {[%emt 0:02:27]} f4 {[%emt 0:07:40]} 18. Bxf6 {[%emt 0:08:09]} Bxf6 {[%emt 0:00:03]} 19. Rfe1 {[%emt 0:01:46]} Bh3 {[%emt 0:01:34]} 20. Ne4 {[%emt 0:02:44]} Be7 {[%emt 0:01:39]} 21. Bh1 {[%emt 0:09:24]} Rf7 {[%emt 0:06:10]} 22. Qb5 {[%emt 0:05:16]} Qf5 {[%emt 0:04:02]} 23. e3 {[%emt 0:12:27]} fxg3 {[%emt 0:00:45]} 24. hxg3 {[%emt 0:00:15]} h5 {[%emt 0:01:23]} 25. Kh2 {[%emt 0:06:57]} h4 {[%emt 0:03:10]} 26. Rg1 {[%emt 0:00:06]} Rbf8 {[%emt 0:06:46]} 27. Qxb7 {[%emt 0:02:37]} Nd8 {[%emt 0:00:39]} 28. Qd5 {[%emt 0:01:06]} Bg4 {[%emt 0:00:32]} 29. f3 {[%emt 0:07:10]} hxg3+ {[%emt 0:00:56]} 30. Rxg3 {[%emt 0:00:06]} Qh5+ {[%emt 0:00:11]} 31. Kg1 {[%emt 0:00:20]} Bxf3 {[%emt 0:00:05]} 32. Bxf3 {[%emt 0:01:35]} Rxf3 {[%emt 0:00:02]} 33. Rg2 {[%emt 0:00:15]} Rh3 {[%emt 0:00:52]} 34. Ng3 {[%emt 0:01:55]} Qg5 {[%emt 0:00:32]} 35. Nf1 {[%emt 0:00:53]} Qh4 {[%emt 0:00:53]} 36. Nh2 {[%emt 0:00:08]} Qh5 {[%emt 0:00:58]} 37. Qd7 {[%emt 0:01:21]} Bg5 {[%emt 0:00:25]} 38. Qg4 {[%emt 0:01:05]} Qxg4 {[%emt 0:00:51]} 39. Nxg4 {[%emt 0:00:06]} Bf6 {[%emt 0:00:37]} 40. Rf1 {[%emt 0:00:00]} Ne6 {[%emt 0:00:00]} 41. Rh2 {[%emt 0:01:29]} Rxh2 {[%emt 0:01:57]} 42. Kxh2 {[%emt 0:02:44]} Rd8 {[%emt 0:03:48]} 43. Ne1 {[%emt 0:01:18]} e4 {[%emt 0:01:22]} 44. dxe4 {[%emt 0:01:11]} Bb2 {[%emt 0:02:21]} 45. a4 {[%emt 0:03:12]} Kg8 {[%emt 0:00:33]} 46. Rf2 {[%emt 0:10:23]} Bc3 {[%emt 0:02:12]} 47. Nf3 {[%emt 0:02:26]} Rb8 {[%emt 0:02:21]} 48. Rc2 {[%emt 0:00:27]} Ba5 {[%emt 0:01:24]} 49. Ra2 {[%emt 0:02:12]} Rb3 {[%emt 0:00:33]} 50. e5 {[%emt 0:03:18]} Rc3 {[%emt 0:05:20]} 51. Nd2 {[%emt 0:00:10]} Bb4 {[%emt 0:00:20]} 52. a5 {[%emt 0:03:44]} a6 {[%emt 0:02:04]} 53. Kg2 {[%emt 0:01:43]} Nd8 {[%emt 0:00:37]} 54. Kf3 {[%emt 0:01:07]} Nc6 {[%emt 0:00:32]} 55. Ke4 {[%emt 0:01:11]} Nxa5 {[%emt 0:00:24]} 56. e6 {[%emt 0:01:11]} Kf8 {[%emt 0:01:36]} 57. Ne5 {[%emt 0:00:09]} Ke7 {[%emt 0:01:09]} 58. Ndf3 {[%emt 0:02:33]} Kxe6 {[%emt 0:00:41]} 59. Rg2 {[%emt 0:01:33]} Nxc4 {[%emt 0:01:01]} 60. Rg6+ {[%emt 0:00:19]} Ke7 {[%emt 0:00:21]} 61. Rxg7+ {[%emt 0:01:23]} Kf8 {[%emt 0:00:27]} 62. Ra7 {[%emt 0:00:46]} Rxe3+ {[%emt 0:03:37]} 63. Kf5 {[%emt 0:00:10]} Nxe5 {[%emt 0:02:05]} 64. Nxe5 {[%emt 0:00:02]} Bc3 {[%emt 0:01:57]} 65. Nd7+ {[%emt 0:01:45]} Ke8 {[%emt 0:00:08]} 66. Nxc5 {[%emt 0:00:24]} Re5+ {[%emt 0:00:46]} 67. Kf4 {[%emt 0:00:09]} Rxc5 {[%emt 0:00:08]} 68. Rxa6 {[%emt 0:00:02]} Ke7 {[%emt 0:01:03]} 69. Ke4 {[%emt 0:00:07]} Be5 {[%emt 0:01:17]} 70. Ra7+ {[%emt 0:00:58]} Ke6 {[%emt 0:00:15]} 71. Ra6+ {[%emt 0:00:05]} Bd6 {[%emt 0:00:06]} 72. Kd4 {[%emt 0:00:12]} Rh5 {[%emt 0:00:25]} 73. Ke4 {[%emt 0:00:16]} Rh4+ {[%emt 0:00:13]} 74. Kf3 {[%emt 0:00:06]} Ke5 {[%emt 0:02:08]} 75. Ra5+ {[%emt 0:00:12]} Kf6 {[%emt 0:00:06]} 76. Ra6 {[%emt 0:00:13]} Rd4 {[%emt 0:01:42]} 77. Ke3 {[%emt 0:00:11]} Rd1 {[%emt 0:00:12]} 78. Ke4 {[%emt 0:00:12]} Ke6 {[%emt 0:00:28]} 79. Rc6 {[%emt 0:00:52]} Ra1 {[%emt 0:00:49]} 80. Rb6 {[%emt 0:00:11]} Ra4+ {[%emt 0:00:05]} 81. Kf3 {[%emt 0:00:10]} Kd5 {[%emt 0:00:07]} 82. Rb5+ {[%emt 0:00:47]} Bc5 {[%emt 0:01:07]} 83. Rb1 {[%emt 0:00:23]} Rd4 {[%emt 0:00:56]} 84. Rb3 {[%emt 0:01:03]} Ke5 {[%emt 0:00:46]} 85. Rb5 {[%emt 0:00:21]} Rf4+ {[%emt 0:00:41]} 86. Kg3 {[%emt 0:00:09]} Rc4 {[%emt 0:00:03]} 87. Kf3 {[%emt 0:00:43]} Kf5 {[%emt 0:01:01]} 88. Rb3 {[%emt 0:00:04]} Rf4+ {[%emt 0:00:15]} 89. Kg3 {[%emt 0:00:58]} Bf2+ {[%emt 0:00:54]} 90. Kg2 {[%emt 0:00:15]} Kg4 {[%emt 0:00:14]} 91. Rb8 {[%emt 0:01:14]} Bh4 {[%emt 0:00:12]} 92. Rg8+ {[%emt 0:00:19]} Bg5 {[%emt 0:00:13]} 93. Ra8 {[%emt 0:00:56]} Rb4 {[%emt 0:00:39]} 94. Ra2 {[%emt 0:00:20]} Rb3 {[%emt 0:00:22]} 95. Kf2 {[%emt 0:01:48]} Bh4+ {[%emt 0:00:48]} 96. Ke2 {[%emt 0:00:21]} Bg3 {[%emt 0:00:46]} 97. Ra4+ {[%emt 0:00:57]} Bf4 {[%emt 0:00:07]} 98. Re4 {[%emt 0:00:16]} Kg3 {[%emt 0:00:26]} 99. Re8 {[%emt 0:00:27]} Rb2+ {[%emt 0:00:10]} 100. Kd3 {[%emt 0:00:04]} Kf3 {[%emt 0:00:11]} 101. Kc3 {[%emt 0:00:51]} Rb7 {[%emt 0:01:09]} 102. Kd4 {[%emt 0:00:32]} Rd7+ {[%emt 0:00:49]} 103. Kc4 {[%emt 0:00:12]} Kg4 {[%emt 0:00:17]} 104. Rf8 {[%emt 0:00:17]} Kf3 {[%emt 0:00:14]} 105. Re8 {[%emt 0:00:05]} Be3 {[%emt 0:00:09]} 106. Rf8+ {[%emt 0:00:13]} Ke2 {[%emt 0:00:06]} 107. Ra8 {[%emt 0:00:54]} Rc7+ {[%emt 0:00:38]} 108. Kd5 {[%emt 0:00:10]} Rc5+ {[%emt 0:00:08]} 1/2-1/2

[Event "41th GRE-ch Women 2018"]
[Site "Thessaloniki"]
[Date "2018.12.15"]
[Round "4"]
[White "Markantonaki, Haritomeni"]
[Black "Tsivelekidou, Evgenia"]
[Result "0-1"]
[WhiteElo "2152"]
[BlackElo "1861"]
[Annotator "NA"]
[PlyCount "106"]
[EventDate "2018.12.12"]
[EventType "tourn"]
[EventCountry "GRE"]
[SourceTitle "playchess.com"]
[Source "ChessBase"]
[SourceQuality "1"]
[TimeControl "40/5400+30:1800+30"]

1. e4 {[%emt 0:00:00]} c6 {[%emt 0:00:00]} 2. d4 {[%emt 0:00:00]} d5 {[%emt 0:00:00]} 3. Nd2 {[%emt 0:00:12]} dxe4 {[%emt 0:00:00]} 4. Nxe4 {[%emt 0:00:05]} Nf6 {[%emt 0:00:30]} 5. Nxf6+ {[%emt 0:00:26]} gxf6 {[%emt 0:00:05]} 6. Nf3 {[%emt 0:01:37]} Bg4 {[%emt 0:01:49]} 7. Be2 {[%emt 0:00:44]} e6 {[%emt 0:00:39]} 8. Bf4 {[%emt 0:04:02]} Bd6 {[%emt 0:02:23]} 9. Qd2 {[%emt 0:01:17]} Qc7 {[%emt 0:03:20]} 10. Bg3 {[%emt 0:02:50]} Nd7 {[%emt 0:03:55]} 11. c4 {[%emt 0:05:46]} h5 {[%emt 0:09:18]} 12. O-O {[%emt 0:06:24]} O-O-O {[%emt 0:03:22]} 13. b4 {[%emt 0:02:57]} Bxg3 {[%emt 0:06:46]} 14. fxg3 {[%emt 0:03:11]} Ne5 {[%emt 0:12:17]} 15. Qc3 {[%emt 0:05:56]} Ng6 {[%emt 0:05:34]} 16. Bd3 {[%emt 0:17:12]} Bxf3 {[%emt 0:14:05]} 17. Rxf3 {[%emt 0:00:28]} f5 {[%emt 0:00:50]} 18. Bc2 {[%emt 0:06:10]} h4 {[%emt 0:02:25]} 19. a4 {[%emt 0:02:47]} Rdg8 {[%emt 0:03:48]} 20. b5 {[%emt 0:03:13]} hxg3 {[%emt 0:03:53]} 21. hxg3 {[%emt 0:00:37]} c5 {[%emt 0:00:52]} 22. a5 {[%emt 0:03:20]} Qd6 {[%emt 0:04:41]} 23. Rd1 {[%emt 0:02:58]} cxd4 {[%emt 0:03:56]} 24. Rxd4 {[%emt 0:02:46]} Qc5 {[%emt 0:01:16]} 25. Qe3 {[%emt 0:02:03]} b6 {[%emt 0:00:10]} 26. axb6 {[%emt 0:06:00]} axb6 {[%emt 0:00:06]} 27. Rd3 {[%emt 0:01:24]} Ne5 {[%emt 0:00:52]} 28. Qxc5+ {[%emt 0:01:36]} bxc5 {[%emt 0:00:06]} 29. Rde3 {[%emt 0:02:31]} Nxf3+ {[%emt 0:00:10]} 30. Rxf3 {[%emt 0:00:01]} Kc7 {[%emt 0:00:51]} 31. Rb3 {[%emt 0:04:34]} Kb6 {[%emt 0:01:40]} 32. Bd1 {[%emt 0:00:22]} Ra8 {[%emt 0:01:19]} 33. Bf3 {[%emt 0:00:47]} Ra1+ {[%emt 0:00:27]} 34. Kf2 {[%emt 0:00:05]} Rd8 {[%emt 0:01:23]} 35. Ke3 {[%emt 0:07:27]} Rd4 {[%emt 0:01:08]} 36. Rc3 {[%emt 0:00:25]} Ra4 {[%emt 0:01:40]} 37. Be2 {[%emt 0:00:05]} Ra2 {[%emt 0:01:41]} 38. Bf3 {[%emt 0:00:09]} f6 {[%emt 0:05:07]} 39. Rc1 {[%emt 0:00:31]} e5 {[%emt 0:02:45]} 40. Bd5 {[%emt 0:00:00]} Rad2 {[%emt 0:00:00]} 41. Rc3 {[%emt 0:01:19]} Rxd5 {[%emt 0:07:19]} 42. cxd5 {[%emt 0:00:06]} Rxd5 {[%emt 0:00:06]} 43. Rc1 {[%emt 0:08:38]} Kxb5 {[%emt 0:01:12]} 44. Rf1 {[%emt 0:00:21]} c4 {[%emt 0:02:30]} 45. Rxf5 {[%emt 0:00:05]} c3 {[%emt 0:01:50]} 46. Rf1 {[%emt 0:01:05]} Rd6 {[%emt 0:01:33]} 47. Ke4 {[%emt 0:02:48]} Kc4 {[%emt 0:02:20]} 48. Kf5 {[%emt 0:00:21]} c2 {[%emt 0:02:11]} 49. Rc1 {[%emt 0:00:19]} Kc3 {[%emt 0:00:49]} 50. g4 {[%emt 0:00:05]} Kd2 {[%emt 0:00:44]} 51. Rxc2+ {[%emt 0:00:36]} Kxc2 {[%emt 0:00:05]} 52. g5 {[%emt 0:00:02]} fxg5 {[%emt 0:00:14]} 53. Kxe5 {[%emt 0:00:21]} Ra6 0-1

[Event "41th GRE-ch Women 2018"]
[Site "Thessaloniki"]
[Date "2018.12.15"]
[Round "4"]
[White "Grapsa, Georgia"]
[Black "Fragkou, Eleni"]
[Result "1-0"]
[WhiteElo "2097"]
[BlackElo "2031"]
[Annotator "NA"]
[PlyCount "95"]
[EventDate "2018.12.12"]
[EventType "tourn"]
[EventCountry "GRE"]
[SourceTitle "playchess.com"]
[Source "ChessBase"]
[SourceQuality "1"]
[TimeControl "40/5400+30:1800+30"]

1. d4 {[%emt 0:00:00]} Nf6 {[%emt 0:00:00]} 2. c4 {[%emt 0:00:00]} g6 {[%emt 0:00:00]} 3. g3 {[%emt 0:00:00]} Bg7 {[%emt 0:00:00]} 4. Bg2 {[%emt 0:00:00]} O-O {[%emt 0:00:04]} 5. Nf3 {[%emt 0:00:00]} d6 {[%emt 0:00:10]} 6. O-O {[%emt 0:00:04]} Nc6 {[%emt 0:00:10]} 7. Nc3 {[%emt 0:00:06]} e5 {[%emt 0:00:07]} 8. h3 {[%emt 0:01:16]} exd4 {[%emt 0:08:29]} 9. Nxd4 {[%emt 0:03:58]} Nxd4 {[%emt 0:02:27]} 10. Qxd4 {[%emt 0:00:06]} Nd7 {[%emt 0:00:58]} 11. Qd2 {[%emt 0:00:57]} Nc5 {[%emt 0:00:59]} 12. b4 {[%emt 0:04:53]} Ne6 {[%emt 0:13:04]} 13. Bb2 {[%emt 0:00:49]} Bd7 {[%emt 0:16:25]} 14. Rad1 {[%emt 0:02:57]} a5 {[%emt 0:19:10]} 15. a3 {[%emt 0:01:24]} axb4 {[%emt 0:00:57]} 16. axb4 {[%emt 0:00:07]} Bc6 {[%emt 0:01:09]} 17. e4 {[%emt 0:08:03]} f5 {[%emt 0:11:37]} 18. b5 {[%emt 0:07:49]} Bxe4 {[%emt 0:03:01]} 19. Nxe4 {[%emt 0:00:27]} fxe4 {[%emt 0:00:31]} 20. Bxg7 {[%emt 0:00:41]} Kxg7 {[%emt 0:00:04]} 21. Bxe4 {[%emt 0:04:46]} Nc5 {[%emt 0:01:53]} 22. Bg2 {[%emt 0:01:38]} Qf6 {[%emt 0:07:13]} 23. b6 {[%emt 0:01:55]} cxb6 {[%emt 0:00:40]} 24. Qxd6 {[%emt 0:03:14]} Ra2 {[%emt 0:02:00]} 25. Qxf6+ {[%emt 0:05:54]} Rxf6 {[%emt 0:00:07]} 26. f4 {[%emt 0:04:15]} Re6 {[%emt 0:06:44]} 27. Rf2 {[%emt 0:03:21]} Ra3 {[%emt 0:01:05]} 28. g4 {[%emt 0:04:55]} Rc3 {[%emt 0:01:17]} 29. f5 {[%emt 0:06:34]} gxf5 {[%emt 0:00:15]} 30. gxf5 {[%emt 0:00:13]} Rf6 {[%emt 0:00:17]} 31. Rd4 {[%emt 0:01:25]} Rd3 {[%emt 0:03:02]} 32. Rg4+ {[%emt 0:02:21]} Kf8 {[%emt 0:00:43]} 33. Bd5 {[%emt 0:01:54]} h5 {[%emt 0:01:04]} 34. Rg5 {[%emt 0:05:29]} Rxd5 {[%emt 0:00:31]} 35. cxd5 {[%emt 0:00:14]} Ne4 {[%emt 0:00:03]} 36. Rg6 {[%emt 0:02:18]} Kf7 {[%emt 0:01:11]} 37. Rxf6+ {[%emt 0:02:45]} Kxf6 {[%emt 0:00:05]} 38. Re2 {[%emt 0:00:09]} Nc5 {[%emt 0:00:12]} 39. Kf1 {[%emt 0:08:17]} Kxf5 {[%emt 0:00:17]} 40. Ke1 {[%emt 0:00:00]} b5 {[%emt 0:00:00]} 41. Kd2 {[%emt 0:01:20]} b4 {[%emt 0:01:26]} 42. Kc2 {[%emt 0:02:07]} b6 {[%emt 0:04:46]} 43. d6 {[%emt 0:03:23]} h4 {[%emt 0:01:45]} 44. Re8 {[%emt 0:08:55]} Kf6 {[%emt 0:03:36]} 45. Re7 {[%emt 0:03:52]} b5 {[%emt 0:06:59]} 46. Re8 {[%emt 0:05:56]} Kf7 {[%emt 0:02:08]} 47. Re5 {[%emt 0:01:44]} b3+ {[%emt 0:01:11]} 48. Kb1 {[%emt 0:00:28]} 1-0

[Event "41th GRE-ch Women 2018"]
[Site "Thessaloniki"]
[Date "2018.12.15"]
[Round "4"]
[White "Makka, Ioulia"]
[Black "Petraki, Evaggelia"]
[Result "1-0"]
[WhiteElo "2065"]
[BlackElo "1756"]
[Annotator "NA"]
[PlyCount "109"]
[EventDate "2018.12.12"]
[EventType "tourn"]
[EventCountry "GRE"]
[SourceTitle "playchess.com"]
[Source "ChessBase"]
[SourceQuality "1"]
[TimeControl "40/5400+30:1800+30"]

1. e4 {[%emt 0:00:00]} c6 {[%emt 0:00:00]} 2. d4 {[%emt 0:02:15]} d5 {[%emt 0:00:00]} 3. Nc3 {[%emt 0:01:32]} dxe4 {[%emt 0:00:00]} 4. Nxe4 {[%emt 0:00:04]} Nf6 {[%emt 0:00:00]} 5. Ng3 {[%emt 0:04:55]} h5 {[%emt 0:04:12]} 6. h3 {[%emt 0:09:12]} h4 {[%emt 0:05:42]} 7. N3e2 {[%emt 0:00:13]} Bf5 {[%emt 0:04:12]} 8. Nf3 {[%emt 0:15:01]} Ne4 {[%emt 0:12:45]} 9. Be3 {[%emt 0:08:05]} Qb6 {[%emt 0:09:22]} 10. Qc1 {[%emt 0:02:08]} Na6 {[%emt 0:04:50]} 11. c3 {[%emt 0:01:44]} Nc7 {[%emt 0:02:56]} 12. Nf4 {[%emt 0:10:47]} Nd5 {[%emt 0:03:49]} 13. Nxd5 {[%emt 0:02:15]} cxd5 {[%emt 0:00:04]} 14. a4 {[%emt 0:05:08]} a6 {[%emt 0:00:57]} 15. a5 {[%emt 0:00:51]} Qd8 {[%emt 0:11:39]} 16. Be2 {[%emt 0:01:36]} e6 {[%emt 0:01:25]} 17. Qd1 {[%emt 0:07:49]} Bd6 {[%emt 0:10:04]} 18. Qa4+ {[%emt 0:07:01]} Qd7 {[%emt 0:02:05]} 19. Qxd7+ {[%emt 0:03:35]} Kxd7 {[%emt 0:00:04]} 20. O-O {[%emt 0:02:33]} Rac8 {[%emt 0:05:22]} 21. Nd2 {[%emt 0:03:27]} Nxd2 {[%emt 0:05:08]} 22. Bxd2 {[%emt 0:00:02]} Bc2 {[%emt 0:00:09]} 23. b4 {[%emt 0:04:59]} Bb3 {[%emt 0:03:17]} 24. Rfb1 {[%emt 0:00:52]} Bc4 {[%emt 0:00:47]} 25. Bd1 {[%emt 0:00:57]} Bb5 {[%emt 0:01:29]} 26. Bg4 {[%emt 0:01:32]} Rhg8 {[%emt 0:05:25]} 27. f4 {[%emt 0:01:24]} f5 {[%emt 0:02:25]} 28. Bd1 {[%emt 0:00:18]} Rh8 {[%emt 0:00:26]} 29. Kf2 {[%emt 0:00:34]} Rh6 {[%emt 0:03:04]} 30. Bf3 {[%emt 0:01:33]} Bd3 {[%emt 0:00:46]} 31. Rb2 {[%emt 0:00:28]} Rg6 {[%emt 0:00:25]} 32. Re1 {[%emt 0:00:55]} Be4 {[%emt 0:01:23]} 33. b5 {[%emt 0:00:35]} Rb8 {[%emt 0:00:39]} 34. Bxe4 {[%emt 0:01:23]} fxe4 {[%emt 0:00:08]} 35. c4 {[%emt 0:00:34]} Rf6 {[%emt 0:00:51]} 36. c5 {[%emt 0:00:49]} Bxf4 {[%emt 0:01:04]} 37. Bxf4 {[%emt 0:00:10]} Rxf4+ {[%emt 0:00:02]} 38. Ke3 {[%emt 0:00:07]} Rff8 {[%emt 0:00:05]} 39. Reb1 {[%emt 0:00:25]} Kc7 {[%emt 0:00:22]} 40. bxa6 {[%emt 0:00:00]} bxa6 {[%emt 0:00:00]} 41. Rb6 {[%emt 0:03:23]} g5 {[%emt 0:04:46]} 42. R1b2 {[%emt 0:04:19]} Rfe8 {[%emt 0:04:55]} 43. Rf2 {[%emt 0:02:41]} Rxb6 {[%emt 0:00:39]} 44. axb6+ {[%emt 0:08:42]} Kc6 {[%emt 0:00:54]} 45. Rf7 {[%emt 0:01:09]} Rc8 {[%emt 0:02:12]} 46. Re7 {[%emt 0:02:00]} a5 {[%emt 0:00:32]} 47. Rxe6+ {[%emt 0:00:44]} Kb7 {[%emt 0:00:03]} 48. Re7+ {[%emt 0:01:29]} Kc6 {[%emt 0:01:01]} 49. Ra7 {[%emt 0:01:51]} Kb5 {[%emt 0:01:07]} 50. Rd7 {[%emt 0:03:42]} Ra8 {[%emt 0:05:35]} 51. Rxd5 {[%emt 0:00:57]} a4 {[%emt 0:00:05]} 52. Rf5 {[%emt 0:01:07]} a3 {[%emt 0:07:34]} 53. Rf1 {[%emt 0:00:08]} Re8 {[%emt 0:00:09]} 54. Ra1 {[%emt 0:01:46]} Kb4 {[%emt 0:00:52]} 55. b7 {[%emt 0:00:45]} 1-0